000 00409nam a2200169 a 4500
001 27389
005 20180713230058.0
008 140415d 000 0 spa d
020 _a2266022970
041 _aspa
082 _a308.4
100 1 _aIDIOMAS LAROUSSE
245 1 0 _aDICCIONARIO INGLES PARA TODOS
250 _a1a ed.
260 _a[s.l.] :
_bLAROUSE,
_c[s.f.]
520 _aRP
999 _c27389
_d27389